Most Popular Green Day Songs - Statistics

General Stats
  • This quiz has been taken 62 times
  • The average score is 20 of 30
Answer Stats
Plays Answer % Correct
693,908,685 American Idiot
97%
764,134,512 Basket Case
97%
536,631,197 Boulevard Of Broken Dreams
97%
209,353,962 Holiday
94%
464,226,020 21 Guns
85%
484,488,086 Good Riddance (Time Of Your Life)
85%
563,298,256 Wake Me Up When September Ends
82%
112,937,930 Longview
79%
153,966,451 Jesus Of Suburbia
76%
150,818,616 Welcome To Paradise
76%
366,490,052 When I Come Around
76%
134,004,807 Brain Stew
71%
77,765,787 She
71%
56,118,769 Give Me Novacaine / She's A Rebel
68%
50,836,307 Hitchin' A Ride
65%
58,528,552 Minority
62%
40,164,767 Warning
62%
35,944,480 Homecoming
59%
32,065,132 Waiting
59%
78,687,058 Bang Bang
56%
52,017,122 Revolution Radio
56%
53,211,310 Whatsername
56%
47,359,344 Are We The Waiting / St. Jimmy
53%
84,831,441 Know Your Enemy
53%
41,728,208 Burnout
50%
94,790,734 Still Breathing
50%
34,148,203 21st Century Breakdown
47%
42,653,047 Oh Love
44%
34,884,648 Father Of All...
35%
31,578,148 Stray Heart
26%
No matching quizzes found
Score Distribution
Percent of People with Each Score
Percentile by Number Answered
Your Score History
You have not taken this quiz